00405nam a2200145Ia 4500008004100000041000800041082001500049100001400064245005800078250001200136260002400148300004100172365001600213700003000229230718s9999 xx 000 0 und d aeng a620.1bBEE aBeer F.P. aVector Mechanics For Engineers bDynamics And Statics a8th ed. bTata McGraw - Hill  dRef 279 G (24335), Ref 315 G (28263) cRs.b475.00 aBeer F.P. & Johnston E.R.